01152naa a2200193 i 45000010005000000030009000050050017000140080039000310400021000701000155000912450130002466550030003767000157004067000144005637110086007077730137007939420013009309990015009439500KOSZ 00520180426111300.0151126s2009 pl f |100 0 pol cBPKdKOSZ 005/EG1 aWAWRYN, Krzysztof.d1996 - .bPolitechnika Koszalińska - Wydział Elektroniki i Informatyki,cKatedra Systemów Cyfrowego Przetwarzania Sygnałów10aLow power current mode 8 1.5-bit stages pipelined A/D converter /cKrzysztof Wawryn, Robert Suszyński, Bogdan Strzeszewski. 0aMateriały konferencyjne.1 aSUSZYŃSKI, Robert.bPolitechnika Koszalińska - Wydział Elektroniki i Informatyki,cKatedra Systemów Cyfrowego Przetwarzania Sygnałówd1996 - .1 aSTRZESZEWSKI, Bogdan.bPolitechnika Koszalińska - Wydział Elektroniki,cKatedra Systemów Cyfrowego Przetwarzania Sygnałówd1996 - . aMixed Design of Integrated Circuits & Systemsn(16 ;d2009 ;cŁódź, Polska).0 iW :tProceedings of the 16th International Conference: “Mixed Design of Integrated Circuits and Systems” - MIXDES. -g2009, s. 4 cROZ2UKD c9500d9500